000 00324nam a22001337a 4500
008 170828b xxu||||| |||| 00| 0 eng d
020 _a2900205581480
041 _aeng
080 _29 ED
_a070
100 _a39
101 _aMED
245 _aPUBLIC REALATIONS STRATEGIES AND TACTIC
_cWILCOX.D.L
942 _2udc
_cBK
999 _c25153
_d25153